Puesta en valor del Edificio de la Facultad de Ingeniería como sede para el Museo + UCR : intervención al Patrimonio arquitectónico del movimiento moderno en la Sede Rodrigo Facio Brenes de la Universidad de Costa Rica
Furkejuvvon:
| Váldodahkki: | |
|---|---|
| Eará dahkkit: | |
| Materiálatiipa: | Dovdameahttun |
| Giella: | Spanish |
| Almmustuhtton: |
[San José, Costa Rica]
2017
|
| Fáttát: | |
| Fáddágilkorat: |
Lasit fáddágilkoriid
Eai fáddágilkorat, Lasit vuosttaš fáddágilkora!
|
MARC
| LEADER | 00000 a2200000 4500 | ||
|---|---|---|---|
| 003 | EA0178 | ||
| 005 | 20230227134729.0 | ||
| 008 | 140114s2017 cr a 000 ||spa d | ||
| 040 | |c cru CEDI | ||
| 090 | |a TFG EA-178 | ||
| 100 | |a Venegas Arias, Rafael Ángel |9 20348 | ||
| 245 | |a Puesta en valor del Edificio de la Facultad de Ingeniería como sede para el Museo + UCR : intervención al Patrimonio arquitectónico del movimiento moderno en la Sede Rodrigo Facio Brenes de la Universidad de Costa Rica | ||
| 260 | |a [San José, Costa Rica] |c 2017 | ||
| 500 | |a Proyecto de graduación -- Universidad de Costa Rica. Facultad de Ingeniería. Escuela de Arquitectura | ||
| 501 | |a Directora de Proyecto de Graduacion: M.Sc. Zuhra Sasa Marín, Arq. | ||
| 650 | |x Universidad de Costa Rica. Museo - DISEÑO |x REMODELACION DE EDIFICIOS - COSTA RICA - DISEÑO Y PLANOS |x Universidad de Costa Rica. Facultad de Ingeniería - EDIFICIOS |x Universidad de Costa Rica. Facultad de Ingeniería - DISEÑOS Y PLANOS |9 20349 | ||
| 700 | |9 120 |a Sasa Marín, Zuhra,1971- |d Directora del TFG | ||
| 942 | |c CEDI | ||
| 999 | |c 12780 |d 12780 | ||
